LEADER 01129nam a2200265 4500 001 000000336431 003 CaOOAMICUS 005 20191004114804.0 008 190911s2002 it a 000 u ita r 040 $aSeMil$bita 100 1 $aDorfles, Gillo,$d<1910-2018>.$0(OLS)http://semarc/name/90353 245 10$a"Novare serbando" 1845 /$ctesti di Gillo Dorfles, Giorgio Fioravanti, Marzio Romani. 264 1$aMilano :$bFratelli Branca,$c2002. 300 $a179 p. :$bill. ;$c31 cm 500 $aDedica 541 1 $aFondo Mons. Mario Delpini 650 4$aFratelli Branca Distillerie .$0(OLS)http://semarc/subject/48742 700 1 $aRomani, Marzio Achille,$d<1938- >,$ecollaboratore.$0(OLS)http://semarc/name/98187 700 1 $aFioravanti, Giorgio,$ecollaboratore.$0(OLS)http://semarc/name/110207 850 $aSeMil 852 $aSeMil$W1$xVenegono$y1$m3M VI 282$j218870$B230741$CSeMilBibl$Z2$F230741 $81 941 1 $a7 996 $6245$a"Novare serbando" 1845$9(OLS)http://semarc/title/425698 996 $6264$aMilano :$bFratelli Branca$9(OLS)http://semarc/publisher/58547 LEADER 01530nam a2200301 i 4500 001 000000118183 003 CaOOAMICUS 005 20030923000000.0 008 030923s1995 it u000 u ita u 013 $a90876 020 $a88-7962-058-4 040 $aSeMil$bita 100 1 $aLambert, Malcolm D.$0(OLS)http://semarc/name/49329 240 10$aFranciscan poverty. The doctrine of the absolute poverty of Christ and the Apostles in the Franciscan Order 1210-1323.$0(OLS)http://semarc/title/173604 245 10$aPovertà francescana :$bla dottrina dell'assoluta povertà di Cristo e degli apostoli nell'ordine francescano (1210-1323) /$cMalcolm D. Lambert. 260 $aMilano :$bEdizioni Biblioteca Francescana,$ccopyr. 1995. 300 $a276 p. ;$c24 cm. 490 0 $aFonti e ricerche ;$v8 500 $aContiene : Bibliografia. - Fondo Card. C.M. Martini. 650 4$aFrancescani - Povertà - 1210-1323.$0(OLS)http://semarc/subject/21994 830 0$aFonti e ricerche ;$v8.$0(OLS)http://semarc/title/12385 850 $aSeMil 852 $aSeMil$W1$xVenegono$y1$m3D IV 8$j73504$B73504$CSeMilBibl$Z2$F101193 $81 941 1 $a4 961 $aOmaggio: Martini Card. Carlo Maria 996 $6020$a88-7962-058-4$9(OLS)http://semarc/number/102741 996 $6245$aPovertà francescana :$bla dottrina dell'assoluta povertà di Cristo e degli apostoli nell'ordine francescano (1210-1323)$9(OLS)http://semarc/title/173603 996 $6260$aMilano :$bEdizioni Biblioteca Francescana$9(OLS)http://semarc/publisher/29947